Streamline English: Destinations

Đã lưu trong:
书目详细资料
主要作者: Bernard Hartley
格式: 图书
语言:Undetermined
出版: H. Giáo Dục 1996
主题:
标签: 添加标签
没有标签, 成为第一个标记此记录!
Thư viện lưu trữ: Trung tâm Học liệu Trường Đại học Cần Thơ
LEADER 00563nam a2200193Ia 4500
001 CTU_53309
008 210402s9999 xx 000 0 und d
020 |b 12000 
082 |a 428.24 
082 |b H332 
100 |a Bernard Hartley 
245 0 |a Streamline English: Destinations 
245 0 |c Bernard Hartley and Peter Viney; Nguyễn Quốc Hùng dịch 
260 |a H. 
260 |b Giáo Dục 
260 |c 1996 
650 |a english language 
650 |x textbooks for foreign speakers 
980 |a Trung tâm Học liệu Trường Đại học Cần Thơ